000 00328cam a22001217a 4500
008 180718b1979 xxu||||| |||| 00| 0 eng d
082 _aY73x54 A141
100 _aAli, Salim
245 _aBook of Indian birds
_cby Salim Ali
260 _aBombay
_bBombay Natural History Society
_c1979
300 _a187p.
650 _aBirds - India
999 _c348782
_d348782